Diccionario de la terminología del plancton marino en cinco idiomas: inglés, español, alemán, francés y ruso

Saved in:
Bibliografiske detaljer
Hovedforfatter: Boltovskoy, Esteban (Author)
Format: Bog
Sprog:spansk
Udgivet: Buenos Aires República Argentina, Secretaría de Marina, Servicio de Hidrografía Naval 1964
Fag:
Tags: Tilføj Tag
Ingen Tags, Vær først til at tagge denne postø!

MARC

LEADER 00000nam a2200000 a 4500
001 UCV5259
003 CL-VaPUC
008 921001e19640000AG |||||||||||||||||spa|d
082 0 4 |a 577.703  |b BOL  |2 21 
100 0 |a Boltovskoy, Esteban  |e author  |9 299581 
245 1 0 |a Diccionario de la terminología del plancton marino en cinco idiomas: inglés, español, alemán, francés y ruso 
300 |a 114 p 
942 |c BK 
945 |d 19921001 00:00:00 
260 |a Buenos Aires  |b República Argentina, Secretaría de Marina, Servicio de Hidrografía Naval  |c 1964 
650 0 |a Plancton marino  |9 261723 
650 0 |a Diccionarios  |9 256200 
583 |a last modification  |c 19921001 00:00:00  |k Rodrigo Vera 
999 |c 211835  |d 211833